Estatísticas para Municípios do Espírito Santo em um Mapa

Clique aqui para jogar o quiz

Estatísticas Gerais

  • Esse quiz foi jogado 170 vezes
    (164 desde o último reset)
  • A pontuação média é 40 de 78

Respostas no mapa

Respostas codificadas por cores de uma escala verde-vermelha no mapa do quiz de acordo com a % correta abaixo.
Carregando ...
 

Estatísticas das Respostas

Município% Correto
Vitória
97%
Vila Velha
95%
Serra
91%
Cariacica
88%
Guarapari
85%
Linhares
85%
Cachoeiro de Itapemirim
82%
Colatina
79%
São Mateus
76%
Viana
73%
Domingos Martins
70%
Itapemirim
68%
Aracruz
68%
Nova Venécia
62%
Anchieta
61%
Piúma
59%
Fundão
59%
Conceição da Barra
59%
Marataízes
56%
Santa Teresa
55%
Afonso Cláudio
55%
Alegre
55%
Castelo
55%
Santa Maria de Jetibá
52%
Jaguaré
52%
Presidente Kennedy
52%
Baixo Guandu
50%
Rio Novo do Sul
50%
Águia Branca
50%
Montanha
50%
Venda Nova do Imigrante
50%
Alfredo Chaves
50%
Sooretama
50%
Ecoporanga
50%
Pinheiros
48%
Santa Leopoldina
48%
João Neiva
48%
Pedro Canário
48%
Pancas
47%
Vila Pavão
47%
Marilândia
47%
Barra de São Francisco
47%
Rio Bananal
47%
Iconha
47%
Boa Esperança
45%
São Gabriel da Palha
45%
Itarana
45%
Vila Valério
45%
Apiacá
44%
Mimoso do Sul
44%
Ibiraçu
44%
Água Doce do Norte
44%
Marechal Floriano
44%
Governador Lindenberg
44%
Iúna
44%
Muniz Freire
42%
Mucurici
42%
Mantenópolis
42%
Conceição do Castelo
41%
Guaçuí
41%
São Roque do Canaã
39%
São José do Calçado
39%
Atílio Vivácqua
39%
Bom Jesus do Norte
39%
São Domingos do Norte
38%
Irupi
38%
Itaguaçu
38%
Laranja da Terra
38%
Vargem Alta
38%
Dores do Rio Preto
38%
Brejetuba
38%
Ibatiba
36%
Ponto Belo
36%
Alto Rio Novo
36%
Jerônimo Monteiro
35%
Divino de São Lourenço
33%
Ibitirama
33%
Muqui
32%

Distribuição das Pontuações

Percentil de Números Respondidos

Porcentagem de Pessoas com Cada Pontuação

Sua Pontuação Histórica

Você não jogou esse quiz desde o último reset